[Event "Novosibirsk Sukharev Memorial op"]
[Site "Novosibirsk"]
[Date "2011.07.23"]
[Round "6"]
[White "Kuzmin, Nikolai"]
[Black "Loginov, Vladislav"]
[Result "1-0"]
[WhiteElo "2100"]
[BlackElo "2154"]
[PlyCount "65"]
[EventDate "2011.07.18"]
[EventType "swiss"]
[EventRounds "9"]
[EventCountry "RUS"]
[SourceTitle "EXT 2012"]
[Source "ChessBase"]
[SourceDate "2011.11.24"]
[SourceVersion "1"]
[SourceVersionDate "2011.11.24"]
[SourceQuality "1"]

1. e4 d5 2. exd5 Nf6 3. d4 Nxd5 4. c4 Nb6 5. Nf3 g6 6. Nc3 Bg7 7. Be3 0-0 8. Qd2 Nc6 9. d5 Na5 10. b3 c6 11. Rd1 cxd5 12. c5 Nd7 13. Nxd5 Nc6 14. Be2 e6 15. Nb4 Nxb4 16. Qxb4 Qe7 17. 0-0 Nb6 18. Qe4 Nd5 19. Bd4 Nc3 20. Bxc3 Bxc3 21. Rd6 Bg7 22. Rfd1 e5 23. Bb5 Bf5 24. Qd5 Rac8 25. b4 Be6 26. Qd2 Rc7 27. a4 Bg4 28. Be2 a6 29. h3 Bc8 30. Bc4 e4 31. Ng5 h6 32. Rxg6 hxg5 33. Qd4 1-0

[Event "Novosibirsk Sukharev Memorial op"]
[Site "Novosibirsk"]
[Date "2011.07.22"]
[Round "5"]
[White "Takmakov, Alexander"]
[Black "Kuzmin, Nikolai"]
[Result "0-1"]
[WhiteElo "1982"]
[BlackElo "2100"]
[PlyCount "34"]
[EventDate "2011.07.18"]
[EventType "swiss"]
[EventRounds "9"]
[EventCountry "RUS"]
[SourceTitle "EXT 2012"]
[Source "ChessBase"]
[SourceDate "2011.11.24"]
[SourceVersion "1"]
[SourceVersionDate "2011.11.24"]
[SourceQuality "1"]

1. e4 d6 2. d4 Nf6 3. f3 Nbd7 4. Bc4 e5 5. c3 c6 6. Bg5 Be7 7. Qb3 0-0 8. Ne2 d5 9. Bd3 dxe4 10. fxe4 exd4 11. Bxf6 Bxf6 12. cxd4 Bxd4 13. Nxd4 Ne5 14. Nxc6 Nxd3+ 15. Ke2 Nf4+ 16. Kf3 Qf6 17. Ne7+ Kh8 0-1

[Event "Novosibirsk Sukharev Memorial op"]
[Site "Novosibirsk"]
[Date "2011.07.18"]
[Round "1"]
[White "Konev, Roman"]
[Black "Kuzmin, Nikolai"]
[Result "0-1"]
[WhiteElo "1820"]
[BlackElo "2100"]
[PlyCount "74"]
[EventDate "2011.07.18"]
[EventType "swiss"]
[EventRounds "9"]
[EventCountry "RUS"]
[SourceTitle "EXT 2012"]
[Source "ChessBase"]
[SourceDate "2011.11.24"]
[SourceVersion "1"]
[SourceVersionDate "2011.11.24"]
[SourceQuality "1"]

1. c4 c5 2. Nc3 Nf6 3. Nf3 Nc6 4. d3 g6 5. g3 Bg7 6. Bg2 0-0 7. 0-0 d6 8. Bd2 h6 9. a3 Rb8 10. Qc2 Bg4 11. Rfe1 Qd7 12. Rab1 e5 13. b4 b6 14. Qa4 Rbc8 15. bxc5 dxc5 16. Nd5 Nxd5 17. cxd5 Ne7 18. Qe4 Bxf3 19. Bxf3 Rfd8 20. Bg4 f5 21. Qc4 Qxd5 22. Qxd5+ Rxd5 23. Bh3 Rcd8 24. Bg2 R5d7 25. Bc3 Nd5 26. Ba1 Ne7 27. Rec1 Rd6 28. Rc4 Nc6 29. a4 Na5 30. Rc2 c4 31. Bc3 cxd3 32. Rd2 Nc4 33. Rdd1 dxe2 34. Rxd6 Rxd6 35. Re1 e4 36. Bb4 Rd1 37. f3 Bd4+ 0-1

[Event "Novosibirsk Region-ch sf"]
[Site "Novosibirsk"]
[Date "2010.10.19"]
[Round "4"]
[White "Popov, Eugeny Vladimirovic"]
[Black "Kuzmin, Nikolai"]
[Result "0-1"]
[WhiteElo "1996"]
[BlackElo "2102"]
[PlyCount "78"]
[EventDate "2010.??.??"]
[EventType "swiss"]
[EventRounds "9"]
[EventCountry "RUS"]
[SourceTitle "EXT 2014"]
[Source "ChessBase"]
[SourceDate "2013.11.20"]
[SourceVersion "1"]
[SourceVersionDate "2013.11.20"]
[SourceQuality "1"]

1. d4 Nf6 2. c4 c5 3. d5 d6 4. Nc3 g6 5. Nf3 Bg7 6. g3 0-0 7. Bg2 e6 8. 0-0 exd5 9. cxd5 Re8 10. h3 Nbd7 11. Bf4 Nb6 12. Qb3 h6 13. Nd2 Nh5 14. Be3 Nxg3 15. fxg3 Rxe3 16. Rf3 c4 17. Nxc4 Nxc4 18. Qxc4 Rxf3 19. exf3 Qb6+ 20. Kh2 Qxb2 21. Re1 Qxc3 22. Re8+ Kh7 23. Qe2 Be5 24. Re7 Kg7 25. f4 Bf6 26. Re8 Qb2 27. Qc4 Bxh3 28. Re2 Rc8 29. Qe4 Bf5 30. Qe3 Rc2 31. Rxc2 Qxc2 32. Qxa7 Be4 33. Qg1 Bxd5 34. a4 g5 35. fxg5 hxg5 36. a5 g4 37. Kh1 Qh7+ 38. Qh2 Bxg2+ 39. Kxg2 Qxh2+ 0-1

[Event "Berdsk Maestro op 16th"]
[Site "Berdsk"]
[Date "2010.07.11"]
[Round "4"]
[White "Kuzmin, Nikolai"]
[Black "Latyev, Viktor"]
[Result "1-0"]
[WhiteElo "2112"]
[BlackElo "1956"]
[PlyCount "79"]
[EventDate "2010.07.08"]
[EventType "swiss"]
[EventRounds "9"]
[EventCountry "RUS"]
[SourceTitle "EXT 2011"]
[Source "ChessBase"]
[SourceDate "2010.11.26"]
[SourceVersion "1"]
[SourceVersionDate "2010.11.26"]
[SourceQuality "1"]

1. e4 c5 2. c3 g6 3. d4 cxd4 4. cxd4 d5 5. exd5 Nf6 6. Nc3 Bg7 7. Bc4 0-0 8. Nge2 a6 9. a4 Nbd7 10. Nf4 Qc7 11. Bb3 b6 12. 0-0 Bb7 13. Re1 Rfe8 14. Nd3 Rad8 15. Bf4 Qc8 16. Qb1 Nf8 17. Qa2 Qf5 18. Re5 Qd7 19. Rae1 Nh5 20. R5e4 Nxf4 21. Rxf4 g5 22. Rfe4 Ng6 23. Ne5 Qf5 24. R1e3 Nf4 25. Rf3 e6 26. g3 exd5 27. Rexf4 gxf4 28. Rxf4 Qh5 29. Bd1 Qh6 30. Nxf7 Qh3 31. Be2 Rc8 32. Nd6 Qd7 33. Nxc8 Qxc8 34. Qb1 Re7 35. Bf3 Qc4 36. Qf1 Qb3 37. Kg2 Re8 38. Qd3 Re1 39. Qf5 Re7 40. Nxd5 1-0

[Event "Berdsk Maestro op 16th"]
[Site "Berdsk"]
[Date "2010.07.09"]
[Round "2"]
[White "Kuzmin, Nikolai"]
[Black "Bocharov, Ivan"]
[Result "0-1"]
[WhiteElo "2112"]
[BlackElo "2463"]
[PlyCount "96"]
[EventDate "2010.07.08"]
[EventType "swiss"]
[EventRounds "9"]
[EventCountry "RUS"]
[SourceTitle "EXT 2011"]
[Source "ChessBase"]
[SourceDate "2010.11.26"]
[SourceVersion "1"]
[SourceVersionDate "2010.11.26"]
[SourceQuality "1"]

1. e4 c5 2. c3 d5 3. exd5 Qxd5 4. d4 e6 5. Na3 cxd4 6. Nb5 Na6 7. Qxd4 Nf6 8. Be3 Qxd4 9. Bxd4 b6 10. Be2 Bb7 11. Bf3 Bxf3 12. Nxf3 Nd5 13. 0-0 f6 14. Rfe1 Kf7 15. Rad1 Be7 16. c4 Ndc7 17. Nxc7 Nxc7 18. Bc3 Rhd8 19. Nd4 Rd6 20. Rd2 e5 21. Rde2 Bf8 22. Nf3 Rad8 23. Bb4 R6d7 24. Bxf8 Kxf8 25. g3 Ne6 26. Kf1 g5 27. h3 Kf7 28. b3 h5 29. Re4 a5 30. Rc1 Nc5 31. Re2 e4 32. Ne1 f5 33. Ng2 Rd1+ 34. Rxd1 Rxd1+ 35. Re1 Rxe1+ 36. Kxe1 Nd3+ 37. Ke2 f4 38. gxf4 Nxf4+ 39. Nxf4 gxf4 40. f3 e3 41. a3 Ke6 42. h4 Ke5 43. Kd3 Kd6 44. Kc2 e2 45. Kd2 Kc5 46. Kxe2 a4 47. bxa4 Kxc4 48. Kd2 Kd4 0-1

[Event "Novosibirsk-ch"]
[Site "Novosibirsk"]
[Date "2010.03.11"]
[Round "8"]
[White "Kuzmin, Nikolai"]
[Black "Popov, Eugeny Vladimirovic"]
[Result "1/2-1/2"]
[WhiteElo "2118"]
[BlackElo "2042"]
[PlyCount "115"]
[EventDate "2010.03.01"]
[EventType "swiss"]
[EventRounds "9"]
[EventCountry "RUS"]
[SourceTitle "CBM 135 Extra"]
[Source "ChessBase"]
[SourceDate "2010.05.04"]
[SourceVersion "1"]
[SourceVersionDate "2010.05.04"]
[SourceQuality "1"]

1. e4 Nf6 2. e5 Nd5 3. c4 Nb6 4. c5 Nd5 5. d4 d6 6. cxd6 exd6 7. Nf3 dxe5 8. dxe5 Bb4+ 9. Bd2 Bxd2+ 10. Nbxd2 Bf5 11. Be2 0-0 12. 0-0 Nf4 13. Re1 Nc6 14. Qb3 Rb8 15. Rad1 Qe7 16. Bf1 Rfd8 17. Re3 h6 18. Rde1 Nd5 19. R3e2 Nf4 20. Re3 Nb4 21. Ne4 Be6 22. Bc4 Nfd5 23. Bxd5 Bxd5 24. Qa3 c5 25. Nd6 Nc2 26. Qxc5 Nxe3 27. Qxe3 Bxf3 28. gxf3 Qg5+ 29. Kf1 Qxe3 30. Rxe3 Rd7 31. Rc3 a6 32. f4 Re7 33. Nf5 Re6 34. Rg3 g6 35. Nxh6+ Kf8 36. Rh3 Ke7 37. Ng4 Rb6 38. b3 Rb4 39. Ne3 Ke6 40. Rf3 Re4 41. h4 Rd8 42. h5 gxh5 43. Nc4 Rd1+ 44. Kg2 Ree1 45. f5+ Ke7 46. Rf4 Rg1+ 47. Kf3 Rge1 48. Ne3 Rd2 49. Rb4 Rd7 50. Rh4 Ra1 51. Ke4 Rxa2 52. Nd5+ Kf8 53. Rxh5 Rxf2 54. Nf6 Rdd2 55. Rh8+ Kg7 56. Rh7+ Kf8 57. Rh8+ Kg7 58. Rh7+ 1/2-1/2

[Event "Novosibirsk-ch"]
[Site "Novosibirsk"]
[Date "2010.03.04"]
[Round "4"]
[White "Kuzmin, Nikolai"]
[Black "Garder, Igor"]
[Result "1/2-1/2"]
[WhiteElo "2118"]
[BlackElo "2238"]
[PlyCount "74"]
[EventDate "2010.03.01"]
[EventType "swiss"]
[EventRounds "9"]
[EventCountry "RUS"]
[SourceTitle "CBM 135 Extra"]
[Source "ChessBase"]
[SourceDate "2010.05.04"]
[SourceVersion "1"]
[SourceVersionDate "2010.05.04"]
[SourceQuality "1"]

1. e4 c6 2. d4 d5 3. e5 Bf5 4. Bd3 Bxd3 5. Qxd3 e6 6. Nf3 Nd7 7. 0-0 c5 8. c3 Qb6 9. a3 Ne7 10. b4 cxb4 11. cxb4 Nc6 12. Nc3 Be7 13. Na4 Qd8 14. Nc5 b6 15. Nb3 a5 16. b5 Na7 17. a4 0-0 18. Bd2 Qc8 19. Rac1 Qb7 20. Ng5 Bxg5 21. Bxg5 Rfc8 22. Bd2 Rxc1 23. Rxc1 Rc8 24. Rc3 Rxc3 25. Qxc3 Qc8 26. Qxc8+ Nxc8 27. g4 f6 28. f4 Ne7 29. Kg2 Kf7 30. Bc1 f5 31. h3 g6 32. Ba3 Nc8 33. Nd2 h6 34. Nf3 Nf8 35. Kg3 Nh7 36. g5 h5 37. Nh4 Kg7 1/2-1/2

[Event "Novosibirsk-ch"]
[Site "Novosibirsk"]
[Date "2010.03.01"]
[Round "1"]
[White "Kuzmin, Nikolai"]
[Black "Bublei, Pavel"]
[Result "0-1"]
[WhiteElo "2118"]
[BlackElo "2217"]
[PlyCount "78"]
[EventDate "2010.03.01"]
[EventType "swiss"]
[EventRounds "9"]
[EventCountry "RUS"]
[SourceTitle "CBM 135 Extra"]
[Source "ChessBase"]
[SourceDate "2010.05.04"]
[SourceVersion "1"]
[SourceVersionDate "2010.05.04"]
[SourceQuality "1"]

1. e4 c5 2. c3 Nf6 3. e5 Nd5 4. d4 cxd4 5. cxd4 Nc6 6. Nc3 Nb6 7. f4 d5 8. Nf3 Bg4 9. Be2 e6 10. 0-0 Be7 11. h3 Bf5 12. Be3 h5 13. Rc1 Rc8 14. Nd2 h4 15. Bg4 g6 16. Bxf5 gxf5 17. Qe2 Qd7 18. Kh2 Kd8 19. a4 Na5 20. b3 a6 21. Qd3 Rc7 22. Na2 Nc6 23. Rc2 Kc8 24. Rfc1 Kb8 25. a5 Na8 26. Nb1 Nxa5 27. Bd2 Nc6 28. b4 Na7 29. Nbc3 Rhc8 30. Rb2 Nb6 31. g3 Nc4 32. Rbb1 hxg3+ 33. Kxg3 Na3 34. Rb3 Bh4+ 35. Kh2 N3b5 36. Nxb5 Nxb5 37. Nc3 Rc4 38. Nxb5 Qxb5 39. Rcc3 Rg8 0-1

[Event "Novosibirsk Sukharev Memorial op"]
[Site "Novosibirsk"]
[Date "2009.07.26"]
[Round "9"]
[White "Kuzmin, Nikolai"]
[Black "Tuzhik, Artem"]
[Result "0-1"]
[WhiteElo "2103"]
[BlackElo "2314"]
[PlyCount "108"]
[EventDate "2009.07.18"]
[EventType "swiss"]
[EventRounds "9"]
[EventCountry "RUS"]
[SourceTitle "CBM 131 Extra"]
[Source "ChessBase"]
[SourceDate "2009.09.03"]
[SourceVersion "2"]
[SourceVersionDate "2009.09.16"]
[SourceQuality "1"]

1. e4 d5 2. exd5 Nf6 3. d4 Nxd5 4. c4 Nb6 5. Nf3 g6 6. Nc3 Bg7 7. Be3 0-0 8. h3 Nc6 9. Be2 e5 10. d5 Ne7 11. Bc5 Re8 12. 0-0 c6 13. dxc6 Nxc6 14. Nd5 e4 15. Nh2 Bxb2 16. Rb1 Bg7 17. Ne7+ Nxe7 18. Qxd8 Rxd8 19. Bxe7 Rd2 20. Rfd1 Rxd1+ 21. Rxd1 Be6 22. c5 Nd5 23. Bd6 Nc3 24. Rd2 Nxa2 25. Ng4 Bc3 26. Rd1 Bb3 27. Rb1 Bd5 28. Ne3 Bc6 29. Bc4 Nb4 30. Nd1 Be1 31. Kf1 Nc2 32. Rb2 Na3 33. Be2 Ba5 34. Ne3 a6 35. Ra2 Bb4 36. Ng4 Nb5 37. Bxb5 Bxb5+ 38. Kg1 Bc3 39. Ne3 Bc6 40. Rc2 Bg7 41. Nc4 a5 42. Nb6 Ra6 43. Nc8 a4 44. Ne7+ Kh8 45. Nxc6 bxc6 46. Re2 f5 47. f3 a3 48. Ra2 Kg8 49. fxe4 fxe4 50. Kf1 Bb2 51. Ke2 Kf7 52. Kd2 Ra4 53. Bf4 Rc4 54. Be3 Ke6 0-1

[Event "Novosibirsk Sukharev Memorial op"]
[Site "Novosibirsk"]
[Date "2009.07.24"]
[Round "7"]
[White "Kuzmin, Nikolai"]
[Black "Sevostianov, Vladimir"]
[Result "1-0"]
[WhiteElo "2103"]
[BlackElo "2220"]
[PlyCount "41"]
[EventDate "2009.07.18"]
[EventType "swiss"]
[EventRounds "9"]
[EventCountry "RUS"]
[SourceTitle "CBM 131 Extra"]
[Source "ChessBase"]
[SourceDate "2009.09.03"]
[SourceVersion "2"]
[SourceVersionDate "2009.09.16"]
[SourceQuality "1"]

1. e4 c5 2. c3 d5 3. exd5 Qxd5 4. d4 e5 5. dxe5 Qxe5+ 6. Be3 Nf6 7. Nf3 Qc7 8. Na3 a6 9. Nc4 b5 10. Ncd2 Bd6 11. a4 0-0 12. axb5 Re8 13. Be2 Rxe3 14. fxe3 Bg3+ 15. Kf1 Ng4 16. Nc4 Nf2 17. b6 Qe7 18. Qe1 Nxh1 19. hxg3 Qf6 20. Kg1 Qh6 21. Rd1 1-0

[Event "Novosibirsk Sukharev Memorial op"]
[Site "Novosibirsk"]
[Date "2009.07.23"]
[Round "6"]
[White "Dergilev, Igor"]
[Black "Kuzmin, Nikolai"]
[Result "1-0"]
[WhiteElo "2222"]
[BlackElo "2103"]
[PlyCount "75"]
[EventDate "2009.07.18"]
[EventType "swiss"]
[EventRounds "9"]
[EventCountry "RUS"]
[SourceTitle "CBM 131 Extra"]
[Source "ChessBase"]
[SourceDate "2009.09.03"]
[SourceVersion "2"]
[SourceVersionDate "2009.09.16"]
[SourceQuality "1"]

1. d4 Nf6 2. Nf3 g6 3. g3 Bg7 4. Bg2 0-0 5. 0-0 d6 6. a4 c6 7. a5 Bf5 8. Bf4 Qd7 9. c4 Bh3 10. Nc3 Bxg2 11. Kxg2 Nh5 12. Be3 f5 13. d5 f4 14. Bc1 Na6 15. Nd4 Nc7 16. a6 Rab8 17. axb7 c5 18. Nc6 Rxb7 19. Rxa7 Rxa7 20. Nxa7 Ne8 21. Nc6 e5 22. Ne4 Bh6 23. f3 Nef6 24. Nxf6+ Nxf6 25. b4 cxb4 26. Qb3 e4 27. Qxb4 e3 28. Qa3 g5 29. Bb2 Bg7 30. Bd4 h5 31. Qd3 h4 32. Qg6 h3+ 33. Kh1 fxg3 34. hxg3 Ng4 35. Qxg5 h2 36. Ne7+ Qxe7 37. Qxe7 Bxd4 38. Qg5+ 1-0

[Event "Novosibirsk Sukharev Memorial op"]
[Site "Novosibirsk"]
[Date "2009.07.22"]
[Round "5"]
[White "Kuzmin, Nikolai"]
[Black "Itkin, Dmitry"]
[Result "1-0"]
[WhiteElo "2103"]
[BlackElo "2240"]
[PlyCount "71"]
[EventDate "2009.07.18"]
[EventType "swiss"]
[EventRounds "9"]
[EventCountry "RUS"]
[SourceTitle "CBM 131 Extra"]
[Source "ChessBase"]
[SourceDate "2009.09.03"]
[SourceVersion "2"]
[SourceVersionDate "2009.09.16"]
[SourceQuality "1"]

1. e4 c5 2. c3 g6 3. d4 cxd4 4. cxd4 d5 5. exd5 Nf6 6. Qa4+ Nbd7 7. Nc3 Bg7 8. g3 0-0 9. Bg2 Nb6 10. Qb3 Bf5 11. Nge2 Qd7 12. 0-0 Rfd8 13. d6 exd6 14. a4 d5 15. a5 Nc8 16. Bg5 Ne7 17. Nf4 Be4 18. Nxe4 Nxe4 19. Bxe7 Qxe7 20. Nxd5 Qe6 21. Qxb7 Rab8 22. Ne7+ Kf8 23. Qxe4 Qxe4 24. Bxe4 Kxe7 25. Rfe1 Kd6 26. Rac1 Rxb2 27. Rc6+ Kd7 28. Rd1 Rb4 29. Ra6 Bxd4 30. Rxa7+ Ke6 31. Ra6+ Rd6 32. Rxd6+ Kxd6 33. a6 Ke5 34. Rxd4 Rxd4 35. a7 Rxe4 36. a8Q 1-0

[Event "Novosibirsk Sukharev Memorial op"]
[Site "Novosibirsk"]
[Date "2009.07.21"]
[Round "4"]
[White "Polyakevich, Stanislav Georgievi"]
[Black "Kuzmin, Nikolai"]
[Result "1-0"]
[WhiteElo "2311"]
[BlackElo "2103"]
[PlyCount "113"]
[EventDate "2009.07.18"]
[EventType "swiss"]
[EventRounds "9"]
[EventCountry "RUS"]
[SourceTitle "CBM 131 Extra"]
[Source "ChessBase"]
[SourceDate "2009.09.03"]
[SourceVersion "2"]
[SourceVersionDate "2009.09.16"]
[SourceQuality "1"]

1. d4 Nf6 2. Nf3 g6 3. g3 Bg7 4. Bg2 0-0 5. 0-0 c6 6. a4 d6 7. a5 Qc7 8. c4 e5 9. d5 c5 10. Nc3 a6 11. Bd2 h6 12. Na4 Nbd7 13. Ra3 Ne4 14. Be1 f5 15. Qc2 g5 16. Nd2 Nxd2 17. Bxd2 Rb8 18. Rc1 g4 19. b4 h5 20. f3 cxb4 21. Bxb4 Nc5 22. Bxc5 dxc5 23. Qd2 Rf6 24. Rb1 f4 25. fxg4 hxg4 26. Be4 Bh6 27. Qd3 fxg3 28. hxg3 Bd7 29. d6 Rxd6 30. Bd5+ Kg7 31. Qe4 Rf6 32. Rb6 Rbf8 33. Rxf6 Rxf6 34. Nb6 Bf5 35. Qg2 Qd6 36. e4 Be6 37. Qe2 Bxd5 38. Nxd5 Rf3 39. Rxf3 gxf3 40. Qxf3 Bg5 41. Qf5 Bd8 42. Qc8 Bxa5 43. Qxb7+ Kh6 44. Kg2 Bd2 45. Ne7 Kg5 46. Nf5 Qf6 47. Kf3 Bc3 48. Qh7 Bd4 49. g4 Qf8 50. Qh5+ Kf6 51. g5+ Ke6 52. Qg6+ Kd7 53. Qxa6 Qb8 54. Qb5+ Qxb5 55. cxb5 c4 56. Nxd4 exd4 57. g6 1-0

[Event "RUS-ch U18"]
[Site "Dagomys"]
[Date "2009.04.20"]
[Round "6"]
[White "Kuzmin, Nikolai"]
[Black "Biryukov, Mikhail"]
[Result "1/2-1/2"]
[WhiteElo "2091"]
[BlackElo "2216"]
[PlyCount "96"]
[EventDate "2009.04.15"]
[EventType "swiss"]
[EventRounds "9"]
[EventCountry "RUS"]
[SourceTitle "CBM 130 Extra"]
[Source "ChessBase"]
[SourceDate "2009.07.02"]
[SourceVersion "2"]
[SourceVersionDate "2009.07.15"]
[SourceQuality "1"]

1. e4 c5 2. c3 d5 3. exd5 Qxd5 4. d4 Nf6 5. Nf3 Bg4 6. Qa4+ Bd7 7. Qb3 cxd4 8. Bc4 Qe4+ 9. Kf1 e6 10. Nbd2 Qc6 11. Nxd4 Qc7 12. N2f3 Be7 13. Nb5 Bxb5 14. Bxb5+ Nbd7 15. Qc4 Qxc4+ 16. Bxc4 0-0 17. Be3 Bc5 18. Bxc5 Nxc5 19. Ke2 Rac8 20. Bb3 Nxb3 21. axb3 a6 22. Ne5 Rfd8 23. b4 Rd5 24. Nd3 Ne4 25. Rhd1 Kf8 26. f3 Nf6 27. Nc5 Rc7 28. Rd3 Rxd3 29. Kxd3 Ke7 30. c4 Nd7 31. Nxd7 Rxd7+ 32. Ke3 Rc7 33. b3 Rc6 34. Kd4 Rd6+ 35. Kc3 Kd7 36. Re1 f6 37. f4 Rc6 38. Re3 Ke7 39. Rh3 h6 40. Rh5 f5 41. Rh3 Rd6 42. Rd3 Rxd3+ 43. Kxd3 g5 44. g3 Kd6 45. Kd4 g4 46. c5+ Kd7 47. Kd3 Kc7 48. Ke3 Kc6 1/2-1/2

[Event "RUS-ch U18"]
[Site "Dagomys"]
[Date "2009.04.16"]
[Round "2"]
[White "Kuzmin, Nikolai"]
[Black "Gusarov, Grigory"]
[Result "1/2-1/2"]
[WhiteElo "2091"]
[BlackElo "2371"]
[PlyCount "66"]
[EventDate "2009.04.15"]
[EventType "swiss"]
[EventRounds "9"]
[EventCountry "RUS"]
[SourceTitle "CBM 130 Extra"]
[Source "ChessBase"]
[SourceDate "2009.07.02"]
[SourceVersion "2"]
[SourceVersionDate "2009.07.15"]
[SourceQuality "1"]

1. e4 c5 2. c3 d5 3. exd5 Qxd5 4. d4 Nf6 5. Nf3 Bg4 6. Qa4+ Bd7 7. Qb3 cxd4 8. Bc4 Qe4+ 9. Kf1 e6 10. Nbd2 Qc6 11. Nxd4 Qc8 12. N2f3 Nc6 13. Nxc6 Bxc6 14. Ne5 a6 15. Nxc6 Qxc6 16. Be2 Rc8 17. Bf3 Nd5 18. Be3 b5 19. Bxd5 exd5 20. Rd1 Qc4+ 21. Qxc4 dxc4 22. Bd4 h5 23. f4 f6 24. Kf2 Kf7 25. a3 Rc6 26. Kf3 Bd6 27. g3 Re8 28. Rhe1 Rxe1 29. Rxe1 g6 30. Ke4 Ke6 31. Kf3+ Kf7 32. Ke4 Ke6 33. Kf3+ Kf7 1/2-1/2

[Event "Novosibirsk-ch op"]
[Site "Novosibirsk"]
[Date "2009.02.26"]
[Round "8"]
[White "Kuzmin, Nikolai"]
[Black "Giljazitdinov, Eduard"]
[Result "0-1"]
[WhiteElo "2123"]
[BlackElo "2141"]
[PlyCount "72"]
[EventDate "2009.02.18"]
[EventType "swiss"]
[EventRounds "9"]
[EventCountry "RUS"]
[SourceTitle "CBM 129 Extra"]
[Source "ChessBase"]
[SourceDate "2009.05.05"]
[SourceVersion "2"]
[SourceVersionDate "2009.05.20"]
[SourceQuality "1"]

1. e4 e5 2. Nc3 Nf6 3. Bc4 Bc5 4. d3 Nc6 5. Bg5 h6 6. Bh4 d6 7. Na4 Bb4+ 8. c3 Ba5 9. b4 Bb6 10. Nxb6 axb6 11. Qb3 Qe7 12. f3 Be6 13. Bd5 Nd8 14. Bf2 Nxd5 15. exd5 Bf5 16. c4 Qg5 17. g3 h5 18. Ne2 h4 19. g4 Bd7 20. h3 f5 21. Nc3 e4 22. dxe4 fxg4 23. hxg4 Qf6 24. Rh3 Nf7 25. 0-0-0 Bxg4 26. fxg4 Qxf2 27. Nb5 Rxa2 28. Kb1 Re2 29. Nxc7+ Kd7 30. Nb5 Ra8 31. Nc3 Re3 32. Rhh1 Rxc3 33. Qxc3 Qa2+ 34. Kc1 Ra3 35. Qxg7 Qxc4+ 36. Kd2 Rd3+ 0-1

[Event "Novosibirsk-ch op"]
[Site "Novosibirsk"]
[Date "2009.02.19"]
[Round "2"]
[White "Beletsky, Alexey"]
[Black "Kuzmin, Nikolai"]
[Result "1-0"]
[WhiteElo "2341"]
[BlackElo "2123"]
[PlyCount "119"]
[EventDate "2009.02.18"]
[EventType "swiss"]
[EventRounds "9"]
[EventCountry "RUS"]
[SourceTitle "CBM 129 Extra"]
[Source "ChessBase"]
[SourceDate "2009.05.05"]
[SourceVersion "2"]
[SourceVersionDate "2009.05.20"]
[SourceQuality "1"]

1. e4 e5 2. Nf3 Nc6 3. Bb5 a6 4. Bxc6 dxc6 5. 0-0 Bg4 6. h3 Bxf3 7. Qxf3 Qf6 8. Qxf6 Nxf6 9. d3 Bc5 10. Nd2 Nd7 11. g3 0-0 12. Kg2 Rae8 13. Nb3 Bb6 14. Bd2 f6 15. Rae1 Rd8 16. f4 Rfe8 17. f5 Nc5 18. Nxc5 Bxc5 19. g4 h6 20. h4 Be7 21. Kf3 Kf7 22. Be3 c5 23. Re2 b6 24. Rg2 Rh8 25. Rh1 Rde8 26. Rgh2 Rd8 27. g5 hxg5 28. hxg5 Rxh2 29. g6+ Kg8 30. Rxh2 a5 31. Ke2 a4 32. Rh1 b5 33. c3 Rd7 34. b3 a3 35. Rd1 Kf8 36. Bc1 b4 37. Rh1 Kg8 38. Be3 c6 39. Rc1 Rc7 40. cxb4 cxb4 41. Bb6 Rc8 42. Bc5 Bxc5 43. Rxc5 Kf8 44. d4 exd4 45. Kd3 Ke7 46. Kxd4 Kd6 47. Ra5 Re8 48. Ra7 c5+ 49. Kd3 Re7 50. Ra6+ Kc7 51. Kc4 Kb7 52. Re6 Rc7 53. e5 fxe5 54. Rxe5 Kb6 55. Re6+ Ka5 56. Rd6 Rc8 57. Rd7 Kb6 58. Re7 Rf8 59. Re6+ Ka5 60. Rc6 1-0

[Event "SibFR-ch U18"]
[Site "Tomsk"]
[Date "2008.11.07"]
[Round "7"]
[White "Veretennikova, Daria"]
[Black "Kuzmin, Nikolai"]
[Result "0-1"]
[WhiteElo "2014"]
[BlackElo "2074"]
[PlyCount "90"]
[EventDate "2008.11.01"]
[EventType "swiss"]
[EventRounds "9"]
[EventCountry "RUS"]
[SourceTitle "EXT 2022"]
[Source "ChessBase"]
[SourceDate "2021.10.06"]
[SourceVersion "1"]
[SourceVersionDate "2021.10.06"]
[SourceQuality "1"]

1. e4 e5 2. Nf3 Nc6 3. Nc3 Nf6 4. d4 exd4 5. Nxd4 Bb4 6. Nxc6 bxc6 7. Bd3 d5 8. exd5 cxd5 9. 0-0 0-0 10. Bg5 c6 11. Na4 h6 12. Bh4 Bd6 13. c3 Re8 14. Bc2 Ba6 15. Bxf6 Qxf6 16. Re1 Re5 17. Qd4 Rae8 18. Rxe5 Qxe5 19. Qxe5 Rxe5 20. b4 Re2 21. Bb3 Bb5 22. g3 g5 23. h3 h5 24. Kg2 h4 25. gxh4 gxh4 26. Kf3 Re6 27. Rg1+ Kf8 28. Bd1 d4 29. cxd4 Bc4 30. Kg2 Rg6+ 31. Kh1 Bd5+ 32. f3 Rxg1+ 33. Kxg1 Bxb4 34. Bb3 Bxf3 35. Kf2 Be4 36. Nc5 Bf5 37. Ba4 Bxc5 38. dxc5 Bd7 39. Kg2 Ke7 40. Bb3 Be6 41. Bxe6 Kxe6 42. Kf3 Kf5 43. a3 a6 44. Ke3 Ke5 45. Kf3 f5 0-1

[Event "Novosibirsk Region-ch sf"]
[Site "Novosibirsk"]
[Date "2008.10.21"]
[Round "4"]
[White "Kuzmin, Nikolai"]
[Black "Kozhevnikov, Evgraf"]
[Result "1-0"]
[WhiteElo "2074"]
[BlackElo "1983"]
[PlyCount "27"]
[EventDate "2008.10.18"]
[EventType "swiss"]
[EventRounds "9"]
[EventCountry "RUS"]
[SourceTitle "EXT 2022"]
[Source "ChessBase"]
[SourceDate "2021.10.06"]
[SourceVersion "1"]
[SourceVersionDate "2021.10.06"]
[SourceQuality "1"]

1. e4 c5 2. c3 d5 3. exd5 Qxd5 4. d4 cxd4 5. cxd4 Nc6 6. Nf3 Bg4 7. Nc3 Qe6+ 8. Be3 0-0-0 9. d5 Qf6 10. Qa4 Bxf3 11. gxf3 Ne5 12. f4 Nf3+ 13. Ke2 e5 14. Bh3+ 1-0

[Event "Novosibirsk Region-ch sf"]
[Site "Novosibirsk"]
[Date "2008.10.20"]
[Round "3"]
[White "Garder, Igor"]
[Black "Kuzmin, Nikolai"]
[Result "1/2-1/2"]
[WhiteElo "2264"]
[BlackElo "2074"]
[PlyCount "140"]
[EventDate "2008.10.18"]
[EventType "swiss"]
[EventRounds "9"]
[EventCountry "RUS"]
[SourceTitle "EXT 2022"]
[Source "ChessBase"]
[SourceDate "2021.10.06"]
[SourceVersion "1"]
[SourceVersionDate "2021.10.06"]
[SourceQuality "1"]

1. d4 c5 2. d5 d6 3. e4 Nf6 4. Nc3 g6 5. Be2 Bg7 6. Nf3 0-0 7. 0-0 Na6 8. Bg5 h6 9. Bf4 Nc7 10. a4 Nh5 11. Be3 e5 12. dxe6 Nxe6 13. Qd2 Kh7 14. a5 Qe7 15. Nd5 Qd7 16. c3 Rd8 17. h3 Nc7 18. Nf4 Nf6 19. Qc2 Qe7 20. Bd3 Nd7 21. Rfe1 Ne5 22. Nxe5 dxe5 23. Ne2 Be6 24. Ng3 c4 25. Be2 Na6 26. Nf5 Qc7 27. Nxg7 Kxg7 28. Qc1 g5 29. h4 f6 30. hxg5 hxg5 31. Bxg5 Rh8 32. Be3 Nc5 33. Bxc5 Qxc5 34. Bf3 Rh7 35. Qe3 Qxe3 36. Rxe3 Rah8 37. g3 Bg4 38. Bg2 Rd8 39. f3 Bh3 40. Re2 Rdh8 41. Ra4 Bxg2 42. Rxg2 Rh1+ 43. Kf2 Rd8 44. g4 Rb1 45. Kg3 Rc8 46. Rb4 Rc7 47. Rd2 Ra1 48. Rd5 Kg6 49. Rd2 Rxa5 50. Rd6 b5 51. Rd8 Rb7 52. b3 cxb3 53. Rxb3 Ra1 54. Rd5 a6 55. Rb4 Rh7 56. Rb2 Rc7 57. Rb3 Ra2 58. g5 Kxg5 59. f4+ Kg6 60. fxe5 fxe5 61. Rxe5 Rc6 62. Kf4 Rc2 63. Rd5 Kf7 64. Rd7+ Ke6 65. Ra7 R2xc3 66. Rxc3 Rxc3 67. Rxa6+ Kd7 68. Rb6 Rb3 69. e5 Rb1 70. Rd6+ Ke7 1/2-1/2